00606nam a2200181 i 4500001000700000003000900007005001700016007000300033008004100036080002200077100003700099245005000136260004400186300002100230852003200251999001900283952012200302135607ES-MaACL20230906194921.0t|070720s1972 xxu ||||1| spa d a860(729.1)-14"19"1 aTorre, Rogelio A. de la.911075610aGotas de presente / cRogelio A. de la Torre. aMiami (Florida) : bUniversal, c[1972] a76 p. ; c21 cm. aES-MaACLjC-48868 bR.82933 c135607d135607 00104070aATENEOMbATENEOMcDEPO2d2008-01-17eSCl0oC-48868p1141135r2023-02-23 00:00:00w2023-02-23yMONOGRAFIA